000 00595nam a2200205 a 4500
001 8497
003 CO-ViMGA
008 141112s2004 ck r 000 u spa d
040 _aCO-ViMGA
_bspa
_cCO-ViMGA
082 0 4 _a154.7 T77h
100 1 _aTriana Molina, Gilberto
_98311
245 1 0 _aHIPNOSIS PRACTICA /
_cTriana Molina Gilberto
260 _aBogotá,
_c1983
300 _a176 p.
590 _aForma de adquisición : DONACION - - Proveedor : SANDRA LILIANA LOZADA
650 1 4 _aAUTOSUGESTION
_98312
650 1 4 _aHIPNOSIS
_98313
650 1 4 _aMENTE - EJERCICIOS
_93114
942 _2ddc
_cBK
999 _c20156
_d20156